01868nam a2200361 a 4500001001000000005001700010008004100027041000800068044000800076084002000084100005000104245017800154260003400332300001700366500019000383500017800573500012500751500005100876500001000927546002400937650005700961650006101018650003901079650005001118700005501168700004001223700004501263740005001308902000801358942001101366999001501377952011401392BRCA_321420190320204152.0270209s1766----enk#---###---#000-0#eng-# aeng aenk a515b.D66c17661 aCervantes Saavedra, Miguel ded1547-1616921310aThe History of the Renowned Don Quixote de la ManchacWritten in Spanish by Miguel de Cervantes Saavedra ; Translated by Several Hands and Published by the Late Mr. Motteux. aEdinburgobA. Donaldsonc1766 a4 v.c17 cm. aContenido : v.1. Primera parte. Noticia sobre el autor. Prólogo de Cervantes. -- v.2. Primera parte. Texto. -- v.3. Segunda parte. Prólogo de Cervantes. -- v.4. Segunda parte. Texto aEdición : Revised a new from the Best Spanish Edition by Mr. Ozell. With Explanatory Notes from Jarvis, Oudin, Sobrino, Pinedo, Gregorio, the Royal Academi of Madrid, etc. aReimpresión de la traducción de Motteux, revisada por Ozell, públicada en 1757, por Foulis. Piel. Lúdovik Osterc aEstado físico : Encuadernación desprendida aQM770 aTexto en : inglés14aNovela españolayÉpoca clásica, 1500-1700921514aLiteratura españolayÉpoca clásica, 1500-1700921614aNovela españolaySiglo XVII921714aDon Quijote (Personaje ficticio)eNovela92181 aMotteux, Peter Anthonyd1663-1718eTraductor985971 aOzell, Johnd?-1743eAnotador985981 aJarvis, Charlesd?-1739eTraductor985990 aEl Ingenioso Hidalgo Don Quijote de la Mancha aQFM 2lcccB c2950d2950 00104070aBRCAbBRCAd2009-02-27iQM770l0o515 .D66 1766 (QM770)p3211r2019-03-22 00:00:00w2019-03-22yB